000 00519nam a2200205Ia 4500
005 20230803115748.0
008 131103s9999 xx 000 0 und d
020 _a8185574049
040 _aLoreto College
041 _aEnglish
082 _a920
_bLES-SAI
100 _aLesser,R.H.
245 _aSaints and Sages of India
_cR.H.Lesser
260 _aNew Delhi
_bIntercultural Publications
_c1992
300 _axv,244 p.
650 _aBiography
651 _aIndia - Biography
850 _aLCLIB
942 _cBK
999 _c12327
_d62806